Engineering Mechanics. (Record no. 9433)

MARC details
000 -LEADER
fixed length control field 00529nam a22002057a 4500
003 - CONTROL NUMBER IDENTIFIER
control field OSt
005 - DATE AND TIME OF LATEST TRANSACTION
control field 20241002115351.0
008 - FIXED-LENGTH DATA ELEMENTS--GENERAL INFORMATION
fixed length control field 241002b |||||||| |||| 00| 0 eng d
020 ## - INTERNATIONAL STANDARD BOOK NUMBER
International Standard Book Number 9789388818698
040 ## - CATALOGING SOURCE
Transcribing agency DDC
082 ## - DEWEY DECIMAL CLASSIFICATION NUMBER
Classification number 620. BHA 2020
100 ## - MAIN ENTRY--PERSONAL NAME
Personal name Bhavikatti S. S.
9 (RLIN) 16193
245 ## - TITLE STATEMENT
Title Engineering Mechanics.
250 ## - EDITION STATEMENT
Edition statement 4th ed.
260 ## - PUBLICATION, DISTRIBUTION, ETC. (IMPRINT)
Place of publication, distribution, etc. London; New Age International, 2020
300 ## - PHYSICAL DESCRIPTION
Extent xii,420p; ill: 24cm
504 ## - BIBLIOGRAPHY, ETC. NOTE
Bibliography, etc Answers included
650 ## - SUBJECT ADDED ENTRY--TOPICAL TERM
Topical term or geographic name as entry element Engineering mechanics
9 (RLIN) 12294
942 ## - ADDED ENTRY ELEMENTS (KOHA)
Source of classification or shelving scheme Dewey Decimal Classification
Koha item type Book Bank
Holdings
Withdrawn status Lost status Source of classification or shelving scheme Damaged status Not for loan Home library Current library Date acquired Inventory number Total Checkouts Full call number Barcode Date last seen Koha item type
    Dewey Decimal Classification     Main Kihumuro Campus MUST Main Library 02/10/2024 24/42305   620. BHA 2020 2024-22473 02/10/2024 Book Bank
    Dewey Decimal Classification     Main Kihumuro Campus MUST Main Library 02/10/2024 24/42306   623. BHA 2020 2024-22474 02/10/2024 Book Bank